Statistiques concernant Mots cachés n°34

Cliquez ici pour prendre le quiz!

Statistiques générales

  • Ce quiz a été pris 86 fois
  • Le résultat moyen est 24 sur 25

Statistiques - réponses

QuestionTuileSelect% Correct
vodka, kayak, lie et prix.SNon
100%
vodka, kayak, lie et prix.VOui
100%
vodka, kayak, lie et prix.INon
99%
vodka, kayak, lie et prix.INon
99%
vodka, kayak, lie et prix.INon
99%
vodka, kayak, lie et prix.INon
99%
vodka, kayak, lie et prix.DOui
97%
vodka, kayak, lie et prix.INon
97%
vodka, kayak, lie et prix.INon
97%
vodka, kayak, lie et prix.OOui
97%
vodka, kayak, lie et prix.ANon
96%
vodka, kayak, lie et prix.INon
96%
vodka, kayak, lie et prix.KOui
96%
vodka, kayak, lie et prix.KOui
96%
vodka, kayak, lie et prix.POui
96%
vodka, kayak, lie et prix.ROui
95%
vodka, kayak, lie et prix.AOui
94%
vodka, kayak, lie et prix.AOui
94%
vodka, kayak, lie et prix.LOui
94%
vodka, kayak, lie et prix.XOui
94%
vodka, kayak, lie et prix.YOui
92%
vodka, kayak, lie et prix.IOui
91%
vodka, kayak, lie et prix.IOui
91%
vodka, kayak, lie et prix.AOui
90%
vodka, kayak, lie et prix.EOui
90%

Distribution des résultats

Percentile par nombre de réponses

% des personnes avec chaque résultat

Votre développement - résultats

Vous n’avez pas pris ce quiz